古代エジプトのファラオ - Statistics

General Stats
  • This quiz has been taken 33 times
  • The average score is 12 of 313
Answer Stats
時代 王朝 名前 在位(全て紀元前、諸説あり) % Correct
ツタンカーメン 1332~1323
85%
アクエンアテン 1352~1334
65%
クフ 2509~2483
58%
アメンヘテプ1世 1541~1520
54%
アメンヘテプ2世 1425~1400
54%
アメンヘテプ3世 1390~1352
54%
クレオパトラ7世 51~30
50%
カフラー 2472~2448
31%
メンカウラー 2447~2442
31%
トトメス1世 1520~1492
23%
プトレマイオス朝 プトレマイオス1世 305~285
23%
プトレマイオス10世 110~109,107~88
23%
プトレマイオス11世 80
23%
プトレマイオス12世 80~58,55~51
23%
プトレマイオス13世 51~47
23%
プトレマイオス14世 47~44
23%
プトレマイオス15世 44~30
23%
トトメス2世 1492~1479
23%
プトレマイオス2世 288~246
23%
トトメス3世 1479~1425
23%
プトレマイオス3世 246~222
23%
トトメス4世 1400~1390
23%
プトレマイオス4世 222~204
23%
プトレマイオス5世 204~180
23%
プトレマイオス6世 180~145
23%
プトレマイオス7世 145
23%
プトレマイオス8世 169~164,144~132,126~116
23%
プトレマイオス9世 116~110,109~107,88~81
23%
19 ラメセス1世 1292~1290
19%
ラメセス10世 1111~1107
19%
ラメセス11世 1107~1077
19%
ラメセス2世 1279~1213
19%
ラメセス3世 1186~1155
19%
ラメセス4世 1155~1149
19%
ラメセス5世 1149~1145
19%
ラメセス6世 1145~1137
19%
ラメセス7世 1137~1130
19%
ラメセス8世 1130~1129
19%
ラメセス9世 1129~1111
19%
ネフェルティティ 1334~1332
15%
ハトシェプスト 1473~1458
12%
アイ 1322~1320 | 1701~1677
8%
アルゲアス朝 アレクサンドロス3世 332~323
8%
アレクサンドロス4世 317~309
8%
ベレニケ4世 58~55
8%
初期王朝 1 ナルメル 2900頃
4%
ジェセル 2592~2566
4%
26 ネコ1世 672~664
4%
ダレイオス1世 522~486
4%
ネコ2世 610~595
4%
ダレイオス2世 424~405
4%
ダレイオス3世 336~332
4%
フィリッポス3世 323~317
4%
ホル・アハ 2870頃
0%
ジェル ~2823
0%
ジェト 2822~2815
0%
デン 2814~2772
0%
アネジブ 2771~2764
0%
セメルケト 2763~2756
0%
カー 2755~2732
0%
2 ヘテプセケムイ 2730頃
0%
ネブラー 2700頃
0%
ニネチェル 2760頃
0%
ウェネグ
0%
セネド
0%
セケムイブ 2650頃
0%
ペルイブセン 2650頃
0%
カセケムイ 2610~2593
0%
古王国 3 ネブカー
0%
セケムケト 2565~2559
0%
カーバー
0%
フニ ~2544
0%
4 スネフェル 2543~2510
0%
ラージェドエフ 2482~2475
0%
バフラー 2474~2473
0%
シェプセスカフ 2441~2436
0%
ジェドエフホル
0%
5 ウセルカフ 2435~2429
0%
サフラー 2428~2416
0%
シェプセスカラー
0%
ネフェルエフラー 2403
0%
ニウセルラー 2402~2374
0%
メンカウホル 2373~2366
0%
ジェドカラー・イセシ 2365~2322
0%
ウナス 2321~2306
0%
6 テティ 2305~2279
0%
ウセルカラー
0%
ネチェルカラー
0%
第1中間期 8 メンカラー
0%
ジェドカラー・シェマイ
0%
メルエンホル
0%
ニイカラー
0%
ネフェルカホル
0%
カーカーラー
0%
ネフェルカウラー
0%
ネフェルカウホル
0%
セネン
0%
10 ウアジカラー
0%
メリカラー 2075~2040?
0%
セベクネフェル 1763~1760
0%
セネブエフ 1800~1796
0%
ネリカラー 1796
0%
アメニ・ケマウ 1793~1791
0%
イウフニ 1788
0%
サンクイブラー 1788~1785
0%
ネブヌン 1785~1783
0%
セヘテプイブラー 1783~1781
0%
セウアジカラー 1669~1664 | 1781
0%
ネジェムイブラー 1780
0%
レンセネブ 1777
0%
セケムラー・クタウィ 1775~1772
0%
ジェドケペルウ 1772~1770
0%
セブカイ 1770~1769
0%
ウガエフ 1766~1764
0%
ケンジェル 1764~1759
0%
イミレメシャウ
0%
メルイブラー 1749
0%
シハトホル 1733
0%
ワアイブラー 1712~1701
0%
イニ 1677~1675
0%
セウアジトゥ 1675~1672
0%
イネド 1672~1669
0%
メルケペルラー
0%
メルカラー
0%
イビ
0%
14 ヤクビム 1805~1780
0%
ヤム 1770頃
0%
カレフ 1760頃
0%
アアヘテプラー 1750頃
0%
シェシ 1745~1705
0%
ネヘシ 1705
0%
カーケルラー
0%
ネブファウラー 1704
0%
セヘブラー
0%
メルジェファラー 1694
0%
ネブジェファラー
0%
ウェブエンラー
0%
アウイブラー
0%
ヘルイブラー
0%
ネブセンラー
0%
セケペルエンラー
0%
ジェドケルラー
0%
カーケムラー
0%
ネフェルイブラー
0%
アカラー
0%
セメンエンラー 1601~1600 | ?
0%
ジェドカラー
0%
バブナム
0%
15 サリティス
0%
アペル・アナティ
0%
サキル・ハル 1621~
0%
キアン 1621~1581
0%
カームディ 1541~1540
0%
16 アナトヘル
0%
ジェフティ 1649~1648
0%
ベビアンク 1600~1588
0%
シェドワセト 1588
0%
メンチュエムサフ
0%
17 ラーヘテプ 1580~1576
0%
セナクトエンラー 1559~1558
0%
セケンエンラー 1558~1554
0%
カーメス 1555~1550
0%
アビドス王朝 セネブカイ
0%
ウェプワウェトエムサフ
0%
パンジェニ
0%
スナイブ
0%
スメンクカラー 1332頃
0%
ホルエムヘブ 1320~1292
0%
メルエンプタハ 1213~1203
0%
アメンメセス 1203~1197
0%
シプタハ 1197~1191
0%
タウセレト 1191~1190
0%
20 セトナクト 1190~1186
0%
第3中間期 アメン大司祭国家 ヘリホル 1080~1074
0%
ピアンキ 1074~1070
0%
マサハルタ 1054~1046
0%
ジェドコンスイウエフアンク 1046~1045
0%
メンケペルラー 1045~992
0%
アメンエムニスウ 1051~1047
0%
アメンエムオペト ~992
0%
大オソルコン 992~986
0%
シアメン 986~967
0%
パミ 785~778
0%
ルドアメン 759~755
0%
24 テフナクト 735~727
0%
バクエンレネフ 727~721
0%
ニムロト 754~725
0%
ペフチャウアバスト 734~724
0%
末期王朝 25 ピイ 752~721
0%
シャバカ 721~707
0%
シャバタカ 707~690
0%
タハルカ 690~664
0%
タヌトアメン 664~656
0%
アプリエス 589~570
0%
アマシス 570~526
0%
イナロス
0%
28 アミルタイオス 404~399
0%
アコリス 393~380
0%
プサムティス 393
0%
テオス 362~360
0%
アルセス 338~336
0%
ネフェルイルカラー(1世) 2415~2405
0%
ペピ1世 2276~2228
0%
メルエンラー1世 2227~2217
0%
ネフェルカミン1世
0%
9 ケティ1世
0%
11 メンチュヘテプ1世
0%
アンテフ1世
0%
12 アメンエムハト1世 1939~1910
0%
センウセレト1世 1920~1875
0%
第2中間期 13 セベクヘテプ1世 1803~1800
0%
ホル1世 1777~1775
0%
ネフェルヘテプ1世 1742~1731
0%
アペピ1世 1581~1541
0%
ネブイリラウ1世 1627~1601
0%
デドゥメス1世
0%
セベクエムサフ1世 1576~1573
0%
新王国 18 イアフメス(1世) 1550~1525
0%
セティ1世 1290~1279
0%
パネジェム1世 1070~1032
0%
21 スメンデス1世 1077~1051
0%
プスセンネス1世 1047~1001
0%
22 シェションク1世 943~922
0%
オソルコン1世 922~887
0%
タケロト1世 885~872
0%
ペドゥバスト1世 829~804
0%
イウプト1世 829~804
0%
プサメティク1世 664~610
0%
クセルクセス1世 486~465
0%
アルタクセルクセス1世 465~424
0%
29 ネフェリテス1世 398~393
0%
30 ネクタネボ1世 380~362
0%
ペピ2世 2216~2153
0%
メルエンラー2世 2152
0%
ネフェルカラー2世
0%
ネフェルカミン2世
0%
ネフェルイルカラー2世
0%
ケティ2世
0%
アンテフ2世 2066~2017
0%
中王国 メンチュヘテプ2世 2009~1959
0%
アメンエムハト2世 1878~1843
0%
センウセレト2世 1845~1837
0%
セベクヘテプ2世 1780~77
0%
ホル2世
0%
サンクイブラー2世
0%
ネブイリラウ2世 1601
0%
デドゥメス2世
0%
セベクエムサフ2世
0%
セティ2世 1203~1200
0%
スメンデス2世 992~990
0%
パネジェム2世 990~969
0%
プスセンネス2世 967~943
0%
オソルコン2世 872~837
0%
ペドゥバスト2世
0%
23 タケロト2世 840~815
0%
イニ2世 739~734
0%
プサメティク2世 595~589
0%
27(ペルシア支配) カンビュセス2世 525~522
0%
アルタクセルクセス2世 405~404
0%
ネフェリテス2世 380
0%
ネクタネボ2世 360~343
0%
シェションク2世a
0%
シェションク2世b
0%
ネフェルカラー3世
0%
ケティ3世
0%
アンテフ3世 2016~2009
0%
メンチュヘテプ3世 1958~1947
0%
センウセレト3世 1837~1819
0%
アメンエムハト3世 1818~1773
0%
セベクヘテプ3世 1749~1742
0%
セウアジカラー3世
0%
ネフェルヘテプ3世 1629
0%
ペピ3世
0%
プスセンネス3世 969~945
0%
シェションク3世 837~798
0%
オソルコン3世 798~769
0%
タケロト3世 774~759
0%
プサメティク3世 526~525
0%
抵抗勢力 ペドゥバスト3世
0%
31(ペルシア支配) アルタクセルクセス3世 343~338
0%
ネフェルカラー4世
0%
ケティ4世 2150頃
0%
メンチュヘテプ4世 1947~1940
0%
アメンエムハト4世 1772~1764
0%
アンテフ4世
0%
セベクヘテプ4世 1732~1720
0%
センウセレト4世
0%
シェションク4世 798~785
0%
オソルコン4世 740~720
0%
プサメティク4世
0%
ネフェルカラー5世
0%
アメンエムハト5世 1796~1793
0%
セベクヘテプ5世 1720~1717
0%
メンチュヘテプ5世
0%
アンテフ5世
0%
シェションク5世 778~740
0%
ネフェルカラー6世
0%
アメンエムハト6世 1791~1788
0%
セベクヘテプ6世 1717~1712
0%
メンチュヘテプ6世 1628~1627
0%
アンテフ6世
0%
シェションク6世 804~798
0%
ネフェルカラー7世
0%
アメンエムハト7世 1769~1766
0%
セベクヘテプ7世 1664~1662
0%
メンチュヘテプ7世
0%
アンテフ7世
0%
セベクヘテプ8世 1645~1629
0%
諸侯 ハルスィエセA 880~860
0%
No matching quizzes found
Score Distribution
Percent of People with Each Score
Percentile by Number Answered
Your Score History
You have not taken this quiz